Buffy contre les vampires : De quelle saison s’agit-il ? - Statistiques

Statistiques générales
  • Ce quiz a été pris 150 fois
  • Le résultat moyen est 16 sur 16
Statistiques - réponses
Par images Réponse % Correct
1
100%
2
100%
1
99%
2
99%
3
99%
5
99%
5
99%
6
99%
2
98%
3
98%
4
98%
6
98%
6
98%
6
98%
4
97%
7
97%
Aucun quiz correspondant
Distribution des résultats
% des personnes avec chaque résultat
Percentile par nombre de réponses
Votre historique - résultats
Vous n’avez pas pris ce quiz